000 00390nam a22001217a 4500
082 _a200 THE
100 _aMUHAMMAD UZAIR GILL
_915063
245 _aTH-SOF-1283-Aircraft Stability Derivatives Estimation from Flight Test Data
260 _aIslamabad
_bNUST College of EME
_c2016
650 _aMS-MECH-72 MSTHESIS
_970146
700 _aSupervisor Dr. HASSAN AFTAB SAEED
_970147
942 _cCF
999 _c577179
_d577179